书目信息 |
| 题名: |
怎样当新闻记者
|
|
| 作者: | 吴锦才 著 | |
| 分册: | ||
| 出版信息: | 北京 新华出版社 1995 |
|
| 页数: | 177页 | |
| 开本: | 19cm | |
| 丛书名: | 新闻入门丛书 | |
| 单 册: | ||
| 中图分类: | G214.2 | |
| 科图分类: | ||
| 主题词: | 记者--基本知识 , 新闻工作--基本知识 | |
| 电子资源: | ||
| ISBN: | 7-5011-2857-X | |
| 000 | 00729nam2 2200265 450 | |
| 001 | 0100520044 | |
| 005 | 20100728141353.0 | |
| 010 | @a7-5011-2857-X@dCNY6.20 | |
| 011 | @a7-5011-2857-X | |
| 100 | @a20021005d1995 em y0chiy0110 ea | |
| 101 | 0 | @achi |
| 102 | @aCN@b110000 | |
| 105 | @ay z 000yy | |
| 106 | @ar | |
| 200 | 1 | @a怎样当新闻记者@9Zen Yang Dang Xin Wen Ji Zhe @f吴锦才著@b专著 |
| 210 | @a北京@c新华出版社@d1995 | |
| 215 | @a177页@d19cm | |
| 225 | 2 | @a新闻入门丛书 |
| 410 | 0 | @12001 @a新闻入门丛书 |
| 606 | 0 | @a记者@x基本知识 |
| 606 | 0 | @a新闻工作@x基本知识 |
| 690 | @aG214.2@v3 | |
| 701 | 0 | @a吴锦才@f(1962~)@9wu jin cai@4著 |
| 801 | 0 | @aCN@bAiZhiMarc@c19950623 |
| 905 | @aBZT@dG214.2@e1@f4@sG214.2/1 | |
| 怎样当新闻记者/吴锦才著.-北京:新华出版社,1995 |
| 177页;19cm.-(新闻入门丛书) |
| ISBN 7-5011-2857-X:CNY6.20 |
| ● |
| 相关链接 |
|
|
|
正题名:怎样当新闻记者
索取号:G214.2/1
 
预约/预借
| 序号 | 登录号 | 条形码 | 馆藏地/架位号 | 状态 | 备注 |
| 1 | 2000041936 | 2000041936 | 旧书回溯/ [索取号:G214.2/1] | 在馆 | |
| 2 | 2000041937 | 2000041937 | 旧书回溯/ [索取号:G214.2/1] | 在馆 | |
| 3 | 2000041938 | 2000041938 | 旧书回溯/ [索取号:G214.2/1] | 在馆 | |
| 4 | 2000041939 | 2000041939 | 旧书回溯/ [索取号:G214.2/1] | 在馆 |